25 questions sur le Nord-Pas-De-Calais ! - Statistiques

Statistiques générales
  • Ce quiz a été pris 254 fois
  • Le résultat moyen est 15 sur 25
Statistiques - réponses
Hint Réponse % Correct
Chef lieu du Nord Lille
98%
Mer entre le Pas de Calais et l'Angleterre La Manche
93%
Ville reconnue pour ses "bêtises" Cambrai
84%
Celebration dunkerquoise, sur 3 mois Le Carnaval
83%
Fromage emblématique et nom de sa ville d'origine Maroilles
83%
Célèbre événement lillois en septembre La Braderie
80%
Célèbre général lillois Charles de Gaulle
76%
Colline artificielle de résidus miniers Terril
76%
Région partagée avec la Belgique Flandres
71%
Grand port du Pas de Calais Boulogne-Sur-Mer
69%
A base de pommes de terre Frites
68%
Station balnéaire prisée et huppée Le Touquet
67%
Ville de "Bienvenue chez les Ch'tis" Bergues
58%
Qu'est ce qu'une "cayèle" ? Une chaise
58%
Plat au boeuf et à la bière Carbonnade flamande
51%
Apéritif à l'orange ajouté à la bière Picon
51%
Rivière, affluent de la Lys, passant par Lille La Deûle
47%
Célèbre course motocross, dans cette station balnéraire L'Enduropale
43%
Famille du Nord, à l'origine d'Auchan, Décathlon, Boulanger... Mulliez
41%
Année de fin du Tunnel sous la Manche 1993
39%
Site accueillant la falaise la plus septentrionale de France Cap Blanc-Nez
36%
Homme d'affaires français né à Roubaix en 1949 Bernard Arnault
32%
Se mange avec la réponse d'au dessus Moules
28%
Village préféré des français 2018 Cassel
21%
Ville la plus pauvre de France Denain
14%
Aucun quiz correspondant
Distribution des résultats
% des personnes avec chaque résultat
Percentile par nombre de réponses
Votre historique - résultats
Vous n’avez pas pris ce quiz